000 00320nam a2200121Ia 4500
008 220204s9999 xx 000 0 und d
082 _a592/599
_bMAY
100 _aMAYR, Ernst
245 0 _aPriniciples of systematic zoology.
260 _aNew Delhi
_bTata Mcgraw Hill
_c1969
650 _aSystematic zoology
942 _cBK
999 _c24772
_d24772